000
00215 a2200097 4500
001
6671
100
_a
Nestorides, E.J
245
_a
Handbook on torsional vibration
260
_a
_b
Cambridge
_c
090
_c
5524
_d
5524
942
_a
NUST-CAE
_c
M
_c
31961
999
_c
241744
_d
241744